Big 5 Nation Football Clubs in EA FC26 - Statistics

General Stats
  • This quiz has been taken 39 times
    11 since last reset
  • The average score is 101 of 266
Answer Stats
Hint Answer % Correct
EnglandPremier League Arsenal
100%
EnglandPremier League Manchester City
100%
EnglandPremier League Liverpool
91%
FranceLigue 1 Paris Saint-Germain
91%
EnglandPremier League AFC Bournemouth
82%
EnglandPremier League Brighton and Hove Albion
82%
EnglandPremier League Crystal Palace
82%
EnglandPremier League Everton
82%
EnglandPremier League Fulham
82%
EnglandPremier League Leeds United
82%
EnglandPremier League Manchester United
82%
EnglandPremier League Nottingham Forest
82%
EnglandPremier League Sunderland
82%
EnglandPremier League Tottenham Hotspur
82%
EnglandPremier League West Ham United
82%
EnglandPremier League Wolverhampton Wanderers
82%
ItalySerie A AC Milan
73%
EnglandPremier League Aston Villa
73%
SpainLa Liga Atlético Madrid
73%
SpainLa Liga Barcelona
73%
GermanyBundesliga Borussia Dortmund
73%
EnglandPremier League Brentford
73%
EnglandPremier League Burnley
73%
EnglandPremier League Chelsea
73%
GermanyBundesliga Hamburg
73%
EnglandLeague One Huddersfield Town
73%
EnglandChampionship Ipswich Town
73%
ItalySerie A Juventus
73%
ItalySerie A Lazio
73%
EnglandChampionship Leicester City
73%
FranceLigue 1 Monaco
73%
ItalySerie A Napoli
73%
EnglandPremier League Newcastle United
73%
FranceLigue 1 Olympique Lyon
73%
FranceLigue 1 Olympique Marseille
73%
EnglandChampionship Queens Park Rangers
73%
SpainLa Liga Real Madrid
73%
ItalySerie A Roma
73%
EnglandChampionship Sheffield United
73%
EnglandChampionship Southampton
73%
EnglandChampionship Stoke City
73%
ItalySerie A Atalanta
64%
GermanyBundesliga Bayer Leverkusen
64%
GermanyBundesliga Bayern München
64%
EnglandChampionship Birmingham City
64%
EnglandChampionship Blackburn Rovers
64%
ItalySerie A Bologna
64%
ItalySerie A Como
64%
ItalySerie A Fiorentina
64%
EnglandChampionship Hull City
64%
ItalySerie A Inter Milan
64%
GermanyBundesliga Köln
64%
FranceLigue 1 Lens
64%
FranceLigue 1 Metz
64%
EnglandChampionship Millwall
64%
FranceLigue 1 Nice
64%
EnglandChampionship Norwich City
64%
FranceLigue 1 Paris FC
64%
EnglandChampionship Portsmouth
64%
FranceLigue 1 Rennes
64%
SpainLa Liga Sevilla
64%
EnglandChampionship Sheffield Wednesday
64%
FranceLigue 1 Strasbourg
64%
EnglandChampionship Swansea City
64%
ItalySerie A Torino
64%
GermanyBundesliga Union Berlin
64%
EnglandChampionship West Bromwich Albion
64%
GermanyBundesliga Wolfsburg
64%
EnglandChampionship Wrexham
64%
SpainLa Liga Athletic Bilbao
55%
EnglandLeague One Bolton Wanderers
55%
EnglandChampionship Bristol City
55%
EnglandLeague Two Bromley
55%
EnglandChampionship Coventry City
55%
EnglandChampionship Derby County
55%
GermanyBundesliga Eintracht Frankfurt
55%
ItalySerie A Genoa
55%
Germany 2. Bundesliga Hannover 96
55%
GermanyBundesliga Hoffenheim
55%
FranceLigue 1 Lille
55%
EnglandChampionship Middlesbrough
55%
FranceLigue 2 Montpellier
55%
FranceLigue 1 Nantes
55%
EnglandLeague One Northampton Town
55%
ItalySerie A Parma
55%
EnglandLeague One Plymouth Argyle
55%
EnglandChampionship Preston North End
55%
SpainLa Liga Real Betis
55%
FranceLigue 2 Saint-Étienne
55%
Germany 2. Bundesliga Schalke
55%
FranceLigue 1 Stade Brestois
55%
FranceLigue 2 Stade de Reims
55%
GermanyBundesliga Stuttgart
55%
FranceLigue 1 Toulouse
55%
ItalySerie A Udinese
55%
SpainLa Liga Valencia
55%
SpainLa Liga Villarreal
55%
EnglandChampionship Watford
55%
FranceLigue 1 Angers
45%
EnglandLeague One Blackpool
45%
SpainLa Liga Celta Vigo
45%
EnglandLeague One Exeter City
45%
GermanyBundesliga Freiburg
45%
Germany 2. Bundesliga Hertha Berlin
45%
FranceLigue 1 Le Havre
45%
FranceLigue 1 Lorient
45%
EnglandLeague One Luton Town
45%
SpainLa Liga Hypermotion Málaga
45%
EnglandLeague Two Milton Keynes Dons
45%
ItalySerie A Pisa
45%
ItalySerie B Sampdoria
45%
ItalySerie A Sassuolo
45%
GermanyBundesliga Werder Bremen
45%
EnglandLeague One Wigan Athletic
45%
GermanyBundesliga Augsburg
36%
EnglandLeague Two Barnet
36%
GermanyBundesliga Borussia Mönchengladbach
36%
EnglandLeague Two Bristol Rovers
36%
ItalySerie A Cagliari
36%
EnglandLeague One Cardiff City
36%
FranceLigue 2 Clermont Foot
36%
SpainLa Liga Deportivo Alaves
36%
SpainLa Liga Elche
36%
SpainLa Liga Espanyol
36%
Germany 2. Bundesliga Fortuna Düsseldorf
36%
SpainLa Liga Getafe
36%
SpainLa Liga Girona
36%
GermanyBundesliga Heidenheim
36%
ItalySerie A Hellas Verona
36%
SpainLa Liga Hypermotion Las Palmas
36%
SpainLa Liga Levante
36%
EnglandLeague One Leyton Orient
36%
GermanyBundesliga Mainz 05
36%
SpainLa Liga Mallorca
36%
SpainLa Liga Osasuna
36%
ItalySerie B Palermo
36%
EnglandLeague One Peterborough United
36%
SpainLa Liga Rayo Vallecano
36%
GermanyBundesliga RB Leipzig
36%
SpainLa Liga Real Sociedad
36%
GermanyBundesliga St. Pauli
36%
EnglandLeague Two Tranmere Rovers
36%
EnglandLeague One Wycombe Wanderers
36%
EnglandLeague One AFC Wimbledon
27%
FranceLigue 1 Auxerre
27%
EnglandLeague One Barnsley
27%
FranceLigue 2 Bastia
27%
EnglandLeague One Bradford City
27%
SpainLa Liga Hypermotion Cádiz
27%
EnglandLeague Two Cambridge United
27%
EnglandChampionship Charlton Athletic
27%
EnglandLeague Two Crawley Town
27%
ItalySerie A Cremonese
27%
SpainLa Liga Hypermotion Deportivo La Coruña
27%
SpainLa Liga Hypermotion Eibar
27%
ItalySerie B Empoli
27%
EnglandLeague Two Fleetwood Town
27%
SpainLa Liga Hypermotion Gijón
27%
EnglandLeague Two Gillingham
27%
EnglandLeague Two Grimsby Town
27%
Germany 2. Bundesliga Holstein Kiel
27%
Germany3. Liga Ingolstadt
27%
Germany 2. Bundesliga Kaiserslautern
27%
ItalySerie A Lecce
27%
EnglandLeague One Lincoln City
27%
EnglandLeague One Mansfield Town
27%
ItalySerie B Monza
27%
FranceLigue 2 Nancy
27%
EnglandLeague Two Newport County
27%
Germany 2. Bundesliga Nürnberg
27%
EnglandChampionship Oxford United
27%
EnglandLeague One Port Vale
27%
EnglandLeague One Reading
27%
EnglandLeague One Rotherham United
27%
Germany3. Liga Rot-Weiss Essen
27%
EnglandLeague Two Shrewsbury Town
27%
EnglandLeague One Stockport County
27%
EnglandLeague Two Swindon Town
27%
Germany3. Liga 1860 München
18%
EnglandLeague Two Accrington Stanley
18%
Germany3. Liga Alemannia Aachen
18%
FranceLigue 2 Amiens
18%
SpainLa Liga Hypermotion Andorra
18%
Germany 2. Bundesliga Arminia Bielefeld
18%
ItalySerie B Bari
18%
EnglandLeague Two Barrow
18%
Germany 2. Bundesliga Bochum
18%
EnglandLeague One Burton Albion
18%
SpainLa Liga Hypermotion Ceuta
18%
EnglandLeague Two Cheltenham Town
18%
EnglandLeague Two Chesterfield
18%
EnglandLeague Two Colchester United
18%
EnglandLeague Two Crewe Alexandra
18%
EnglandLeague One Doncaster Rovers
18%
Germany 2. Bundesliga Dynamo Dresden
18%
Germany 2. Bundesliga Greuther Fürth
18%
EnglandLeague Two Harrogate Town
18%
SpainLa Liga Hypermotion Leganés
18%
EnglandLeague Two Notts County
18%
EnglandLeague Two Oldham Athletic
18%
FranceLigue 2 Pau
18%
SpainLa Liga Real Oviedo
18%
FranceLigue 2 Rodez
18%
Germany3. Liga Saarbrücken
18%
EnglandLeague Two Salford City
18%
FranceLigue 2 Stade Laval
18%
EnglandLeague One Stevenage
18%
FranceLigue 2 Troyes
18%
SpainLa Liga Hypermotion Valladolid
18%
EnglandLeague Two Walsall
18%
SpainLa Liga Hypermotion Zaragoza
18%
SpainLa Liga Hypermotion Castellón
9%
Germany 2. Bundesliga Darmstadt
9%
Germany3. Liga Duisburg
9%
Germany 2. Bundesliga Elversberg
9%
FranceLigue 2 En Avant Guingamp
9%
Germany3. Liga Energie Cottbus
9%
ItalySerie B Frosinone
9%
SpainLa Liga Hypermotion Granada
9%
FranceLigue 2 Grenoble Foot
9%
Germany3. Liga Hansa Rostock
9%
Germany3. Liga Hoffenheim II
9%
Germany 2. Bundesliga Karlsruher
9%
FranceLigue 2 Le Mans
9%
Germany 2. Bundesliga Magdeburg
9%
Germany3. Liga Osnabrück
9%
Germany 2. Bundesliga Paderborn
9%
Germany 2. Bundesliga Preußen Münster
9%
ItalySerie B Spezia
9%
Germany3. Liga Stuttgart II
9%
ItalySerie B Venezia
9%
Germany3. Liga Viktoria Köln
9%
Germany3. Liga Waldhof Mannheim
9%
SpainLa Liga Hypermotion Albacete
0%
SpainLa Liga Hypermotion Almería
0%
FranceLigue 2 Annecy
0%
ItalySerie B Avellino
0%
FranceLigue 2 Boulogne
0%
SpainLa Liga Hypermotion Burgos
0%
ItalySerie B Carrarese
0%
ItalySerie B Catanzaro
0%
ItalySerie B Cesena
0%
SpainLa Liga Hypermotion Córdoba
0%
SpainLa Liga Hypermotion Cultural Leonesa
0%
FranceLigue 2 Dunkerque
0%
Germany 2. Bundesliga Eintracht Braunschweig
0%
Germany3. Liga Erzgebirge Aue
0%
Germany3. Liga Havelse
0%
SpainLa Liga Hypermotion Huesca
0%
Germany3. Liga Jahn Regensburg
0%
ItalySerie B Juve Stabia
0%
ItalySerie B Mantova
0%
SpainLa Liga Hypermotion Mirandés
0%
ItalySerie B Modena
0%
ItalySerie B Padova
0%
ItalySerie B Pescara
0%
SpainLa Liga Hypermotion Racing Santander
0%
SpainLa Liga Hypermotion Real Sociedad B
0%
FranceLigue 2 Red Star
0%
ItalySerie B Reggiana
0%
Germany3. Liga Schweinfurt
0%
ItalySerie B Südtirol
0%
Germany3. Liga Ulm
0%
Germany3. Liga Verl
0%
ItalySerie B Virtus Entella
0%
Germany3. Liga Wehen Wiesbaden
0%
No matching quizzes found
Score Distribution
Percent of People with Each Score
Percentile by Number Answered
Your Score History
You have not taken this quiz since the last reset